000 00952nam a2200313Ia 4500
001 Z_4456
003 CHAP
008 220113s1986 xx 000 0 und d
010 _a167526
040 _cCHAP
082 _a636.21 I5
100 _aInstituto Nacional de Investigaciones Forestales y Agropecuarias. México. Centro de Investigaciones Pecuarias del Estado de Puebla
_9141764
245 _aMódulo de doble propósito La Doña : II demostración /
_cpor INIFAP. CIPEP
260 _aHueytamalco, Pue. :
_bEl Instituto,
_c1986
300 _a768 p. ; ilus. gráfs
440 _a
500 _a
503 _a
650 _aGanado de carne
_xInvestigación
_xMéxico
_945088
650 _aGanado lechero
_xInvestigación
_945272
650 _aGanado lechero
_xTrópicos
_945303
650 _aTrópicos
_xGanado lechero
_9115288
901 _a636.21 I5
902 _aA
910 _a1986
942 _c1
942 _cc1
999 _c167526
_d167526